Statistics for Asian countries that are “Four Asian Tigers” or “Tiger Cubs”

Click here to take the quiz!

General Stats

  • This quiz has been taken 67 times
  • The average score is 7 of 9

Answer Stats

Answer% Correct
Singapore
94%
Taiwan
91%
South Korea
88%
Thailand
88%
Indonesia
82%
Malaysia
82%
Vietnam
73%
Philippines
70%
Hong Kong
64%

Score Distribution

Percentile by Number Answered

Percent of People with Each Score

Your Score History

You have not taken this quiz